000 01095nam a2200301 a 4500
005 20260322212046.0
008 data
010 _a 90082065
020 _a0940666111 :
_c{dollar}29.95
020 _a9780940666115 :
_c{dollar}29.95
040 _aDLC
_cDLC
043 _an-ust--
050 0 0 _aE78.S7
_bK37 1990
082 0 0 _a979/.00497/00222
_220
092 _a979 K37 1990
100 1 _aKeegan, Marcia.
245 1 0 _aEnduring culture :
_ba century of photography of the Southwest Indians /
_cMarcia Keegan & Wesley Bradfield.
260 _aSanta Fe :
_bClear Light Publishers,
_cc1990.
300 _a120 p. :
_bill. (some col.) ;
_c28 cm.
650 0 _aIndians of North America
_zSouthwest, New
_xPictorial works.
650 0 _aIndians of North America
_zSouthwest, New
_xPortraits.
700 1 _aBradfield, Wesley,
_d1876-1929.
906 _a7
_bcbc
_corignew
_d2
_eopcn
_f19
_gy-gencatlg
922 _aad
991 _bc-GenColl
_hE78.S7
_iK37 1990
_p00021144320
_tCopy 1
_wBOOKS
001 data
999 _c1085
_d1085